[Event "DEN-chT 0607"]
[Site "Denmark"]
[Date "2006.11.26"]
[Round "3.1"]
[White "Ost Hansen, Jacob"]
[Black "Nielsen, Peter Heine"]
[Result "0-1"]
[WhiteElo "2439"]
[BlackElo "2655"]
[PlyCount "72"]
[EventDate "2006.11.04"]
[EventType "team"]
[EventRounds "9"]
[EventCountry "DEN"]
[Source "ChessBase"]
[SourceDate "2007.02.01"]
[WhiteTeam "K41"]
[BlackTeam "Helsinge"]
[WhiteTeamCountry "DEN"]
[BlackTeamCountry "DEN"]

1. g3 c5 2. Bg2 Nc6 3. e4 g6 4. d3 Bg7 5. f4 d6 6. Nf3 Nf6 7. O-O O-O 8. h3 b5
9. g4 a5 10. Nc3 b4 11. Ne2 Ba6 12. Be3 Nd7 13. Rb1 a4 14. b3 axb3 15. axb3 Bb5
16. Qd2 Ra2 17. h4 Qc7 18. Nc1 Ra3 19. Ne2 Rfa8 20. Bh3 Ra2 21. Rf2 Ra1 22.
Rxa1 Rxa1+ 23. Kg2 Ba6 24. h5 Bb7 25. Rf1 Ra2 26. Kg1 d5 27. exd5 Na5 28. Nc1
Rb2 29. d4 cxd4 30. Bxd4 Rxc2 31. Qe3 Bxd5 32. Bxg7 Bxf3 33. Bd4 Nc6 34. Ba1
Bd5 35. hxg6 hxg6 36. f5 Qh2# 0-1

[Event "DEN-chT 0607"]
[Site "Denmark"]
[Date "2006.11.26"]
[Round "3.2"]
[White "Schandorff, Lars"]
[Black "Lund, Silas"]
[Result "1-0"]
[WhiteElo "2539"]
[BlackElo "2329"]
[PlyCount "87"]
[EventDate "2006.11.04"]
[EventType "team"]
[EventRounds "9"]
[EventCountry "DEN"]
[Source "ChessBase"]
[SourceDate "2007.02.01"]
[WhiteTeam "Helsinge"]
[BlackTeam "K41"]
[WhiteTeamCountry "DEN"]
[BlackTeamCountry "DEN"]

1. d4 Nf6 2. Nf3 d5 3. c4 c6 4. e3 Bg4 5. h3 Bxf3 6. Qxf3 e6 7. Bd3 Nbd7 8. Nc3
Bd6 9. O-O O-O 10. Rd1 Qe7 11. e4 dxc4 12. Bxc4 e5 13. d5 Nb6 14. Bb3 cxd5 15.
Nxd5 Nbxd5 16. Bxd5 Nxd5 17. Rxd5 Rfd8 18. Be3 b6 19. Rad1 Bc7 20. Qg4 Rxd5 21.
Rxd5 Rd8 22. Bg5 f6 23. Rxd8+ Bxd8 24. Be3 Kf8 25. Qf5 g6 26. Qc8 Kf7 27. Qc6
Bc7 28. b4 Bd6 29. b5 f5 30. a4 f4 31. Bd2 Bc5 32. Bc3 Qd6 33. Qb7+ Kf6 34.
Qxh7 Qd1+ 35. Kh2 Bxf2 36. Bxe5+ Kg5 37. Qe7+ Kh5 38. Qh7+ Kg5 39. h4+ Bxh4 40.
Bxf4+ Kg4 41. Be5 Kg5 42. Qf7 Qxa4 43. Qf4+ Kh5 44. g4# 1-0

[Event "DEN-chT 0607"]
[Site "Denmark"]
[Date "2006.11.26"]
[Round "3.3"]
[White "Schmidt, Kristen"]
[Black "Berg, Emanuel"]
[Result "0-1"]
[WhiteElo "2322"]
[BlackElo "2556"]
[PlyCount "70"]
[EventDate "2006.11.04"]
[EventType "team"]
[EventRounds "9"]
[EventCountry "DEN"]
[Source "ChessBase"]
[SourceDate "2007.02.01"]
[WhiteTeam "K41"]
[BlackTeam "Helsinge"]
[WhiteTeamCountry "DEN"]
[BlackTeamCountry "DEN"]

1. e4 e6 2. d4 d5 3. Nd2 Nf6 4. e5 Nfd7 5. Bd3 c5 6. c3 Nc6 7. Ngf3 g6 8. O-O
Bg7 9. Re1 a6 10. c4 O-O 11. cxd5 exd5 12. h4 cxd4 13. e6 fxe6 14. Ng5 Nde5 15.
Nf1 h6 16. Nh3 Qxh4 17. Be2 Bd7 18. Nh2 Rf7 19. f4 d3 20. Bf1 Nc4 21. Bxd3 Bd4+
22. Kh1 e5 23. Bxg6 Rg7 24. f5 Rxg6 25. fxg6 Bxh3 26. gxh3 Rf8 27. Bxh6 Qxh6
28. Qg4 Ne3 29. Qe6+ Kh8 30. Rg1 e4 31. g7+ Bxg7 32. Rg6 Qf4 33. Rag1 Nd4 34.
Qd7 Be5 35. R1g3 Ne2 0-1

[Event "DEN-chT 0607"]
[Site "Denmark"]
[Date "2006.11.26"]
[Round "3.4"]
[White "Hutters, Tomas"]
[Black "Greger, Roland Reinhard"]
[Result "1/2-1/2"]
[WhiteElo "2426"]
[BlackElo "2332"]
[PlyCount "83"]
[EventDate "2006.11.04"]
[EventType "team"]
[EventRounds "9"]
[EventCountry "DEN"]
[Source "ChessBase"]
[SourceDate "2007.02.01"]
[WhiteTeam "Helsinge"]
[BlackTeam "K41"]
[WhiteTeamCountry "DEN"]
[BlackTeamCountry "DEN"]

1. Nf3 Nf6 2. c4 e6 3. g3 d5 4. d4 Be7 5. Bg2 O-O 6. O-O dxc4 7. Nc3 Bd7 8. Ne5
Bc6 9. e4 a6 10. Nxc4 Bb5 11. b3 Bb4 12. Bb2 Nc6 13. a3 Be7 14. Nxb5 axb5 15.
Ne3 Na5 16. Qc2 b4 17. axb4 Bxb4 18. d5 c6 19. dxc6 bxc6 20. Ra4 Rb8 21. Rfa1
c5 22. Rd1 Qe7 23. e5 Ne8 24. Nc4 Nxc4 25. bxc4 g6 26. Bc6 Qg5 27. Bc1 Qh5 28.
Bf4 g5 29. Be3 Ng7 30. Be4 Rfd8 31. Raa1 h6 32. f3 Qh3 33. Rxd8+ Rxd8 34. Rd1
Rxd1+ 35. Qxd1 Nf5 36. Qd8+ Kg7 37. Qf6+ Kg8 38. Bxf5 Qxf5 39. Qxh6 Qb1+ 40.
Kg2 Qc2+ 41. Kh3 Qf5+ 42. Kg2 1/2-1/2

[Event "DEN-chT 0607"]
[Site "Denmark"]
[Date "2006.11.26"]
[Round "3.5"]
[White "Larsen, Karsten"]
[Black "Fries Nielsen, Niels Jorgen"]
[Result "1/2-1/2"]
[WhiteElo "2294"]
[BlackElo "2406"]
[PlyCount "31"]
[EventDate "2006.11.04"]
[EventType "team"]
[EventRounds "9"]
[EventCountry "DEN"]
[Source "ChessBase"]
[SourceDate "2007.02.01"]
[WhiteTeam "K41"]
[BlackTeam "Helsinge"]
[WhiteTeamCountry "DEN"]
[BlackTeamCountry "DEN"]

1. e4 d6 2. d4 g6 3. Nf3 Bg7 4. Bd3 Bg4 5. c3 Nd7 6. Nbd2 Ngf6 7. O-O O-O 8. h3
Bxf3 9. Nxf3 e6 10. Re1 a6 11. Bf4 Nh5 12. Bg5 Bf6 13. Bh6 Bg7 14. Bg5 Bf6 15.
Bh6 Bg7 16. Bg5 1/2-1/2

[Event "DEN-chT 0607"]
[Site "Denmark"]
[Date "2006.11.26"]
[Round "3.7"]
[White "Semcesen, Daniel"]
[Black "Nilssen, John Arni"]
[Result "1-0"]
[WhiteElo "2286"]
[BlackElo "2377"]
[PlyCount "77"]
[EventDate "2006.11.04"]
[EventType "team"]
[EventRounds "9"]
[EventCountry "DEN"]
[Source "ChessBase"]
[SourceDate "2007.02.01"]
[WhiteTeam "K41"]
[BlackTeam "Helsinge"]
[WhiteTeamCountry "DEN"]
[BlackTeamCountry "DEN"]

1. d4 Nf6 2. c4 g6 3. g3 Bg7 4. Bg2 O-O 5. Nf3 d6 6. O-O Nc6 7. Nc3 a6 8. d5
Na5 9. Nd2 c5 10. Qc2 Rb8 11. Rb1 b5 12. b3 Nd7 13. Bb2 bxc4 14. bxc4 Nb6 15.
Nce4 Bxb2 16. Rxb2 Qc7 17. Ng5 Bf5 18. Be4 Bd7 19. Bd3 Na4 20. Rbb1 Rxb1 21.
Rxb1 Rb8 22. Nb3 Rb4 23. h4 Nb7 24. h5 Be8 25. hxg6 hxg6 26. Kg2 Qd8 27. Qd2 e5
28. dxe6 fxe6 29. Nxe6 Qf6 30. Nf4 Nd8 31. Nd5 Bc6 32. Be4 Qg7 33. Qd3 Bxd5 34.
Bxd5+ Nf7 35. Rh1 Rb6 36. Qe4 Kf8 37. Qe6 Nd8 38. Qc8 Qf6 39. Rh7 1-0

[Event "DEN-chT 0607"]
[Site "Denmark"]
[Date "2006.11.26"]
[Round "3.8"]
[White "Ziska, Helgi Dam"]
[Black "Naes, Flovin Tor"]
[Result "1-0"]
[WhiteElo "2364"]
[BlackElo "2227"]
[PlyCount "65"]
[EventDate "2006.11.04"]
[EventType "team"]
[EventRounds "9"]
[EventCountry "DEN"]
[Source "ChessBase"]
[SourceDate "2007.02.01"]
[WhiteTeam "Helsinge"]
[BlackTeam "K41"]
[WhiteTeamCountry "DEN"]
[BlackTeamCountry "DEN"]

1. f4 d5 2. Nf3 g6 3. g3 Bg7 4. Bg2 c5 5. O-O Nc6 6. d3 Nf6 7. Qe1 d4 8. c3 O-O
9. Na3 Be6 10. h3 Qd7 11. g4 Bd5 12. c4 Bxf3 13. Bxf3 Ne8 14. Nc2 f5 15. b4
fxg4 16. Bxg4 e6 17. bxc5 Nf6 18. Qg3 Rae8 19. Rb1 Nxg4 20. hxg4 e5 21. Qg2 Kh8
22. Nb4 Nxb4 23. Rxb4 Re7 24. fxe5 Rxf1+ 25. Kxf1 Bxe5 26. Bg5 Rf7+ 27. Ke1 Bc7
28. Kd1 Ba5 29. Rb5 Bc3 30. Qd5 Qe8 31. Qe4 Qd7 32. Bh6 Kg8 33. c6 1-0

[Event "DEN-chT 0607"]
[Site "Denmark"]
[Date "2006.11.26"]
[Round "3.1"]
[White "Hansen, Sune Berg"]
[Black "Hector, Jonny"]
[Result "1/2-1/2"]
[WhiteElo "2566"]
[BlackElo "2508"]
[PlyCount "125"]
[EventDate "2006.11.04"]
[EventType "team"]
[EventRounds "9"]
[EventCountry "DEN"]
[Source "ChessBase"]
[SourceDate "2007.02.01"]
[WhiteTeam "Helsingor"]
[BlackTeam "Nordkalotten"]
[WhiteTeamCountry "DEN"]
[BlackTeamCountry "DEN"]

1. e4 e5 2. Nf3 Nc6 3. Bc4 Nf6 4. d3 Bc5 5. c3 a6 6. Bb3 Ba7 7. h3 d6 8. Nbd2
Be6 9. Nf1 Qd7 10. Ng3 O-O-O 11. Qe2 d5 12. Bc2 h6 13. Be3 Bxe3 14. Qxe3 g5 15.
Ba4 b5 16. Bc2 d4 17. Qd2 Qd6 18. Rc1 Nd7 19. O-O Kb7 20. cxd4 Nxd4 21. Nxd4
Qxd4 22. Bb3 Nb8 23. Rc3 Rd6 24. Rfc1 c6 25. a3 Rhd8 26. Qe2 a5 27. Bxe6 fxe6
28. Nf1 Na6 29. Nd2 b4 30. Nf3 Qb6 31. Rc4 Rxd3 32. Nxe5 Rd2 33. Qf3 c5 34.
axb4 axb4 35. Rf1 Qc7 36. Qf6 Rxb2 37. Rcc1 Re2 38. Qf3 Red2 39. Nc4 R2d3 40.
Qf6 R8d4 41. Qxe6 Rd6 42. Nxd6+ Qxd6 43. Qf5 b3 44. Rb1 Nc7 45. Rfc1 Ne6 46.
Qf7+ Kb6 47. Ra1 Nc7 48. Rab1 Qe6 49. Qf8 Na6 50. Ra1 Qc6 51. e5 c4 52. e6 Qxe6
53. Rxa6+ Kxa6 54. Qb4 b2 55. Qxb2 Rb3 56. Qd2 Kb5 57. Re1 Qf6 58. Qd5+ Kb4 59.
Qb7+ Kc3 60. Qa7 Kb4 61. Qb7+ Kc3 62. Qa7 Kb4 63. Qb7+ 1/2-1/2

[Event "DEN-chT 0607"]
[Site "Denmark"]
[Date "2006.11.26"]
[Round "3.2"]
[White "Brynell, Stellan"]
[Black "Mortensen, Erling"]
[Result "1-0"]
[WhiteElo "2497"]
[BlackElo "2477"]
[PlyCount "161"]
[EventDate "2006.11.04"]
[EventType "team"]
[EventRounds "9"]
[EventCountry "DEN"]
[Source "ChessBase"]
[SourceDate "2007.02.01"]
[WhiteTeam "Nordkalotten"]
[BlackTeam "Helsingor"]
[WhiteTeamCountry "DEN"]
[BlackTeamCountry "DEN"]

1. d4 Nf6 2. c4 c5 3. d5 b5 4. Nf3 g6 5. Nfd2 Bg7 6. e4 O-O 7. cxb5 d6 8. Nc3
a6 9. bxa6 Nbd7 10. Be2 Bxa6 11. O-O Qa5 12. Nc4 Bxc4 13. Bxc4 Rfb8 14. Re1 Rb4
15. Bf1 Nb6 16. a3 Rd4 17. Qc2 Na4 18. Be3 Nxc3 19. Bxd4 cxd4 20. bxc3 dxc3 21.
a4 Nd7 22. Bb5 Nc5 23. Reb1 Rb8 24. g3 Bf6 25. Kg2 h5 26. Ra2 h4 27. Qe2 Kg7
28. Qc4 Rh8 29. Re2 Qc7 30. Bc6 Qc8 31. Rc1 hxg3 32. fxg3 Qh3+ 33. Kg1 Qg4 34.
Bb5 Be5 35. Rxc3 Bxc3 36. Qxc3+ f6 37. Qe3 Ra8 38. Kg2 Qc8 39. Qd4 Qg4 40. Qe3
Qc8 41. Ra2 Qc7 42. h4 Qa5 43. e5 Ra7 44. exd6 exd6 45. Qf4 Qd8 46. Re2 f5 47.
Qd4+ Qf6 48. Qxf6+ Kxf6 49. Kf3 g5 50. hxg5+ Kxg5 51. Ra2 Ra5 52. Ra3 Ne4 53.
Bc6 Nf6 54. Ra1 Ne4 55. Ra2 Nf6 56. Ra3 Ne4 57. Bb5 Nf6 58. Rd3 Ne4 59. Rd4 Nc5
60. Ke3 Ra7 61. Rh4 Ne4 62. Rxe4 fxe4 63. Kxe4 Kg4 64. Kd4 Kxg3 65. Kc4 Kf4 66.
Bc6 Ke5 67. Kb5 Rh7 68. a5 Rh1 69. a6 Rb1+ 70. Ka5 Ra1+ 71. Ba4 Kxd5 72. a7 Kd4
73. a8=Q d5 74. Qe8 Kd3 75. Kb4 Kd2 76. Qe5 Rb1+ 77. Bb3 Re1 78. Qxd5+ Ke3 79.
Kc3 Kf4 80. Qd2+ Re3+ 81. Kd4 1-0

[Event "DEN-chT 0607"]
[Site "Denmark"]
[Date "2006.11.26"]
[Round "3.3"]
[White "Nielsen, Nicholas Roland"]
[Black "Kristensen, Kaare Hove"]
[Result "1-0"]
[WhiteElo "2158"]
[BlackElo "2313"]
[PlyCount "77"]
[EventDate "2006.11.04"]
[EventType "team"]
[EventRounds "9"]
[EventCountry "DEN"]
[Source "ChessBase"]
[SourceDate "2007.02.01"]
[WhiteTeam "Helsingor"]
[BlackTeam "Nordkalotten"]
[WhiteTeamCountry "DEN"]
[BlackTeamCountry "DEN"]

1. e4 c6 2. d4 d5 3. e5 c5 4. dxc5 Nc6 5. Bb5 e6 6. Be3 Nge7 7. c3 Bd7 8. Bxc6
Nxc6 9. Nf3 Qc7 10. Bd4 Nxd4 11. cxd4 b6 12. cxb6 Qxb6 13. O-O Qxb2 14. Nbd2
Be7 15. Qb1 Rb8 16. Qxb2 Rxb2 17. Rfb1 Rxb1+ 18. Rxb1 Bc8 19. Nb3 Kd7 20. Nc5+
Bxc5 21. dxc5 Kc6 22. Rc1 Ba6 23. Nd4+ Kc7 24. Rb1 Rb8 25. Rxb8 Kxb8 26. f4 Bc4
27. a3 Kb7 28. Kf2 Ka6 29. Ke3 Ka5 30. f5 exf5 31. Nxf5 Bf1 32. g3 Ka4 33. c6
a5 34. c7 Ba6 35. Nd6 Kxa3 36. Nxf7 Bc8 37. Nd6 Be6 38. c8=Q Bxc8 39. Nxc8 1-0

[Event "DEN-chT 0607"]
[Site "Denmark"]
[Date "2006.11.26"]
[Round "3.4"]
[White "Ejsing, Esben"]
[Black "Larsen, Ole Bogh"]
[Result "0-1"]
[WhiteElo "2275"]
[BlackElo "2226"]
[PlyCount "74"]
[EventDate "2006.11.04"]
[EventType "team"]
[EventRounds "9"]
[EventCountry "DEN"]
[Source "ChessBase"]
[SourceDate "2007.02.01"]
[WhiteTeam "Nordkalotten"]
[BlackTeam "Helsingor"]
[WhiteTeamCountry "DEN"]
[BlackTeamCountry "DEN"]

1. e4 c5 2. Nc3 Nc6 3. g3 g6 4. Bg2 Bg7 5. d3 d6 6. Nh3 Nf6 7. O-O O-O 8. a3
Nd4 9. Be3 Ng4 10. Bd2 Ne5 11. f3 b5 12. Nf2 Rb8 13. f4 Nec6 14. Nd5 c4 15. Rb1
e6 16. Ne3 Ne7 17. c3 Nb3 18. Be1 d5 19. d4 dxe4 20. Nxe4 Nd5 21. Bf2 a5 22.
Nd2 Nxd2 23. Qxd2 Bb7 24. Ng4 b4 25. axb4 axb4 26. Ne5 Qc7 27. Rfc1 Rfc8 28.
Ra1 bxc3 29. bxc3 Nb6 30. Ra7 f6 31. Nc6 Ra8 32. Rca1 Bxc6 33. Rxc7 Rxa1+ 34.
Bf1 Rxc7 35. Qb2 Rca7 36. d5 Bxd5 37. Bxb6 R7a2 0-1

[Event "DEN-chT 0607"]
[Site "Denmark"]
[Date "2006.11.26"]
[Round "3.5"]
[White "Jorgensen, Michael"]
[Black "Nielsen, Lars Aaes"]
[Result "0-1"]
[WhiteElo "2201"]
[BlackElo "2221"]
[PlyCount "118"]
[EventDate "2006.11.04"]
[EventType "team"]
[EventRounds "9"]
[EventCountry "DEN"]
[Source "ChessBase"]
[SourceDate "2007.02.01"]
[WhiteTeam "Helsingor"]
[BlackTeam "Nordkalotten"]
[WhiteTeamCountry "DEN"]
[BlackTeamCountry "DEN"]

1. d4 d5 2. c4 e6 3. Nc3 Nf6 4. Bg5 Be7 5. Nf3 O-O 6. e3 Nbd7 7. Bd3 h6 8. Bh4
b6 9. cxd5 Nxd5 10. Bxe7 Qxe7 11. Nxd5 exd5 12. O-O c5 13. Rc1 c4 14. Bb1 b5
15. Re1 Bb7 16. Nd2 f5 17. Nf1 g6 18. Ng3 Nf6 19. Ne2 Qf7 20. f3 Ne8 21. Qd2
Nd6 22. Nf4 g5 23. Ne2 Rae8 24. Ng3 Re6 25. Nf1 Bc8 26. b3 Rfe8 27. bxc4 bxc4
28. Bc2 Bd7 29. Qa5 Bc6 30. Rb1 Qd7 31. Red1 Kg7 32. Qd2 Ba4 33. Rb4 Bxc2 34.
Qxc2 R6e7 35. Rdb1 Rc8 36. Qc3 Qe8 37. h3 h5 38. R1b2 Kh6 39. Rb1 g4 40. hxg4
hxg4 41. e4 dxe4 42. Qe3+ Kh7 43. fxg4 fxg4 44. Qg3 Nf5 45. Qxg4 Nh6 46. Qe2
Qd7 47. Rxc4 Rxc4 48. Qxc4 e3 49. Ng3 Qg4 50. Qd3+ Kg7 51. Ne2 Nf5 52. d5 Kh6
53. Rf1 Nh4 54. g3 Qh3 55. Qa6+ Kh7 56. Qd3+ Kg8 57. Nf4 Qxg3+ 58. Kh1 Rh7 59.
Rg1 Nf3+ 0-1

[Event "DEN-chT 0607"]
[Site "Denmark"]
[Date "2006.11.26"]
[Round "3.6"]
[White "Jakobsen, Peter"]
[Black "Dalsberg, Sandra de Blecourt"]
[Result "1/2-1/2"]
[WhiteElo "2206"]
[BlackElo "2078"]
[PlyCount "103"]
[EventDate "2006.11.04"]
[EventType "team"]
[EventRounds "9"]
[EventCountry "DEN"]
[Source "ChessBase"]
[SourceDate "2007.02.01"]
[WhiteTeam "Nordkalotten"]
[BlackTeam "Helsingor"]
[WhiteTeamCountry "DEN"]
[BlackTeamCountry "DEN"]

1. c4 c6 2. g3 d5 3. Bg2 Nf6 4. Nf3 dxc4 5. Qc2 Be6 6. Ng5 Bd5 7. e4 h6 8. exd5
hxg5 9. dxc6 Nxc6 10. Qxc4 Rc8 11. Nc3 e6 12. O-O Be7 13. d4 Nxd4 14. Qa4+ Qd7
15. Qxd7+ Nxd7 16. Rd1 Bf6 17. Bxg5 Bxg5 18. Rxd4 Bf6 19. Ra4 Nc5 20. Rxa7 O-O
21. Ne4 Bxb2 22. Rb1 Bd4 23. Nd6 Ra8 24. Rxa8 Rxa8 25. Nb5 Bf6 26. Rc1 Be7 27.
a3 Kf8 28. Rc2 Ra5 29. Bf1 Ke8 30. Rc3 Ra4 31. Bg2 Ra5 32. Bf1 Ra4 33. h4 g6
34. Rf3 Bf8 35. Rc3 Be7 36. Rf3 Bf8 37. Rc3 Be7 38. Bg2 Ra5 39. Bf1 Ra4 40. Be2
Kd7 41. Rf3 Ke8 42. Nc7+ Kf8 43. Rc3 Bd6 44. Nb5 Be7 45. h5 Kg7 46. Kg2 b6 47.
hxg6 Kxg6 48. Bf3 Ne4 49. Re3 Nd6 50. Bd1 Ra5 51. Bc2+ Kg7 52. Nxd6 1/2-1/2

[Event "DEN-chT 0607"]
[Site "Denmark"]
[Date "2006.11.26"]
[Round "3.7"]
[White "Jensen, Ib"]
[Black "Koch, Soren Andreas"]
[Result "0-1"]
[WhiteElo "1982"]
[BlackElo "2079"]
[PlyCount "88"]
[EventDate "2006.11.04"]
[EventType "team"]
[EventRounds "9"]
[EventCountry "DEN"]
[Source "ChessBase"]
[SourceDate "2007.02.01"]
[WhiteTeam "Helsingor"]
[BlackTeam "Nordkalotten"]
[WhiteTeamCountry "DEN"]
[BlackTeamCountry "DEN"]

1. d4 Nf6 2. Nf3 e6 3. e3 b6 4. Bd3 Bb7 5. Nbd2 c5 6. b3 Be7 7. Bb2 O-O 8. O-O
Nc6 9. a3 d5 10. Ne5 Nxe5 11. dxe5 Ne4 12. Nf3 Qc7 13. Qe2 Rad8 14. Rad1 f5 15.
exf6 Bxf6 16. Bxf6 Nxf6 17. Ng5 Rde8 18. c4 h6 19. Nh3 d4 20. exd4 cxd4 21. Bg6
Rd8 22. Qxe6+ Kh8 23. f3 Bc8 24. Qe1 Bxh3 25. gxh3 Qc5 26. Qf2 Qg5+ 27. Qg2
Qe3+ 28. Kh1 Qxb3 29. Bd3 Qxa3 30. Rg1 Rf7 31. Qg6 Re7 32. Rg4 Qd6 33. Rdg1
Rde8 34. Rh4 Qe5 35. f4 Qe6 36. Qg2 Qe3 37. Bg6 Ne4 38. Rf1 Rd8 39. f5 Nf6 40.
Bh5 d3 41. Bf3 d2 42. Bd5 b5 43. Bf3 Qe1 44. Bd1 Qxh4 0-1

[Event "DEN-chT 0607"]
[Site "Denmark"]
[Date "2006.11.26"]
[Round "3.8"]
[White "Vestergaard, Andersen Peter"]
[Black "Petersen, Age"]
[Result "1/2-1/2"]
[WhiteElo "1934"]
[BlackElo "1953"]
[PlyCount "50"]
[EventDate "2006.11.04"]
[EventType "team"]
[EventRounds "9"]
[EventCountry "DEN"]
[Source "ChessBase"]
[SourceDate "2007.02.01"]
[WhiteTeam "Nordkalotten"]
[BlackTeam "Helsingor"]
[WhiteTeamCountry "DEN"]
[BlackTeamCountry "DEN"]

1. e4 c6 2. d4 d5 3. e5 Bf5 4. Bd3 Bxd3 5. Qxd3 e6 6. Ne2 Qa5+ 7. c3 Qa6 8.
Qxa6 Nxa6 9. Be3 Ne7 10. Nd2 Nf5 11. g4 Nh4 12. O-O-O c5 13. dxc5 Bxc5 14. Bd4
b5 15. Nb3 Rc8 16. Rd3 b4 17. Bxc5 Nxc5 18. Nxc5 Rxc5 19. Kb1 bxc3 20. Nxc3 h5
21. g5 Nf5 22. Ne2 Ke7 23. Rc1 Rxc1+ 24. Kxc1 Rc8+ 25. Kd2 g6 1/2-1/2

[Event "DEN-chT 0607"]
[Site "Denmark"]
[Date "2006.11.26"]
[Round "3.1"]
[White "Matthiesen, Martin"]
[Black "Pedersen, Erik"]
[Result "1/2-1/2"]
[WhiteElo "2342"]
[BlackElo "2420"]
[PlyCount "36"]
[EventDate "2006.11.04"]
[EventType "team"]
[EventRounds "9"]
[EventCountry "DEN"]
[Source "ChessBase"]
[SourceDate "2007.02.01"]
[WhiteTeam "SK 1968"]
[BlackTeam "Aalborg"]
[WhiteTeamCountry "DEN"]
[BlackTeamCountry "DEN"]

1. d4 Nf6 2. c4 c5 3. d5 e6 4. Nc3 exd5 5. cxd5 d6 6. e4 g6 7. h3 Bg7 8. Nf3
O-O 9. Bd3 Nbd7 10. O-O Nh5 11. Bg5 Bf6 12. Be3 Re8 13. Qd2 Ne5 14. Be2 Nxf3+
15. Bxf3 Ng7 16. Rfe1 Be5 17. Bf4 Bd7 18. a4 Qe7 1/2-1/2

[Event "DEN-chT 0607"]
[Site "Denmark"]
[Date "2006.11.26"]
[Round "3.2"]
[White "Jakobsen, Lars Veno"]
[Black "Matthiesen, Arne"]
[Result "1/2-1/2"]
[WhiteElo "2304"]
[BlackElo "2338"]
[PlyCount "82"]
[EventDate "2006.11.04"]
[EventType "team"]
[EventRounds "9"]
[EventCountry "DEN"]
[Source "ChessBase"]
[SourceDate "2007.02.01"]
[WhiteTeam "Aalborg"]
[BlackTeam "SK 1968"]
[WhiteTeamCountry "DEN"]
[BlackTeamCountry "DEN"]

1. c4 d6 2. d4 e5 3. Nf3 Nd7 4. Nc3 Ngf6 5. e4 g6 6. Be2 Bg7 7. O-O O-O 8. Qc2
exd4 9. Nxd4 Re8 10. Be3 c6 11. Rad1 Qe7 12. Bg5 Nc5 13. f3 a5 14. Rfe1 a4 15.
Bf1 Qc7 16. Be3 Nfd7 17. Bf2 Be5 18. g3 h5 19. f4 Bg7 20. Bg2 Qa5 21. Nf3 a3
22. Rxd6 Nb6 23. Bf1 axb2 24. e5 Qb4 25. Rb1 Nba4 26. Nxa4 Nxa4 27. Ng5 Bf5 28.
Bd3 Bxd3 29. Rxd3 Red8 30. Rxd8+ Rxd8 31. Be1 Qb6+ 32. Bf2 Qa5 33. e6 f5 34. e7
Re8 35. Qe2 Nc5 36. Rxb2 Bxb2 37. Qxb2 Rxe7 38. Qf6 Rg7 39. Bd4 Qe1+ 40. Kg2
Qe2+ 41. Kh3 Qg4+ 1/2-1/2

[Event "DEN-chT 0607"]
[Site "Denmark"]
[Date "2006.11.26"]
[Round "3.3"]
[White "Holst, Allan"]
[Black "Meyer, Lars"]
[Result "1/2-1/2"]
[WhiteElo "2343"]
[BlackElo "2239"]
[PlyCount "24"]
[EventDate "2006.11.04"]
[EventType "team"]
[EventRounds "9"]
[EventCountry "DEN"]
[Source "ChessBase"]
[SourceDate "2007.02.01"]
[WhiteTeam "SK 1968"]
[BlackTeam "Aalborg"]
[WhiteTeamCountry "DEN"]
[BlackTeamCountry "DEN"]

1. Nf3 Nf6 2. c4 g6 3. b4 Bg7 4. Bb2 c6 5. g3 d5 6. Na3 Na6 7. cxd5 cxd5 8. Nc2
Bd7 9. a4 O-O 10. Bg2 Rc8 11. O-O Qc7 12. Nfe1 Ne4 1/2-1/2

[Event "DEN-chT 0607"]
[Site "Denmark"]
[Date "2006.11.26"]
[Round "3.4"]
[White "Hellegaard, Carsten"]
[Black "Sobjerg, Erik"]
[Result "0-1"]
[WhiteElo "2230"]
[BlackElo "2315"]
[PlyCount "80"]
[EventDate "2006.11.04"]
[EventType "team"]
[EventRounds "9"]
[EventCountry "DEN"]
[Source "ChessBase"]
[SourceDate "2007.02.01"]
[WhiteTeam "Aalborg"]
[BlackTeam "SK 1968"]
[WhiteTeamCountry "DEN"]
[BlackTeamCountry "DEN"]

1. d4 d5 2. c4 Nc6 3. cxd5 Qxd5 4. e3 e5 5. Nc3 Bb4 6. Bd2 Bxc3 7. bxc3 Nge7 8.
Qf3 Qd6 9. Bc4 O-O 10. Ne2 Na5 11. Bb3 Be6 12. Bxe6 fxe6 13. Qe4 Nc4 14. Rd1
Qd5 15. Qxd5 exd5 16. O-O Rf6 17. e4 Ra6 18. Bg5 Ng6 19. exd5 Rxa2 20. Rfe1 h6
21. Be3 Rd8 22. dxe5 Nxe3 23. fxe3 Nxe5 24. e4 a5 25. Nd4 Rf8 26. Rf1 Rxf1+ 27.
Rxf1 a4 28. Ne6 a3 29. Rf8+ Kh7 30. Ra8 Nc4 31. h4 Kg6 32. Rf8 Ne3 33. Nf4+ Kh7
34. h5 Ra1+ 35. Kh2 Ng4+ 36. Kg3 Nf6 37. e5 a2 38. exf6 Rf1 39. Ng6 gxf6 40.
Ra8 a1=Q 0-1

[Event "DEN-chT 0607"]
[Site "Denmark"]
[Date "2006.11.26"]
[Round "3.5"]
[White "Bank, Pelle Rodkjaer"]
[Black "Nielsen, Steffen"]
[Result "0-1"]
[WhiteElo "2260"]
[BlackElo "2218"]
[PlyCount "112"]
[EventDate "2006.11.04"]
[EventType "team"]
[EventRounds "9"]
[EventCountry "DEN"]
[Source "ChessBase"]
[SourceDate "2007.02.01"]
[WhiteTeam "SK 1968"]
[BlackTeam "Aalborg"]
[WhiteTeamCountry "DEN"]
[BlackTeamCountry "DEN"]

1. d4 Nf6 2. Bg5 g6 3. Bxf6 exf6 4. e3 Bg7 5. g3 d6 6. Bg2 f5 7. Ne2 Nd7 8. c4
O-O 9. Nbc3 Re8 10. O-O Nf6 11. Qc2 c6 12. b4 Qe7 13. c5 Bd7 14. Rab1 Bh6 15.
a4 d5 16. b5 f4 17. gxf4 Bf5 18. Qa2 Bxb1 19. Rxb1 a5 20. bxc6 bxc6 21. Rb6
Rac8 22. Bh3 Rc7 23. Qd2 Nd7 24. Ra6 Nxc5 25. dxc5 Qxc5 26. Qd4 Qb4 27. Rb6 Qa3
28. f5 Bg7 29. f6 Bf8 30. Qf4 Bd6 31. Qh4 Qc5 32. Rb1 Be5 33. Rc1 Qd6 34. Nd4
Bxf6 35. Qg4 h5 36. Qf3 Bxd4 37. exd4 Rb7 38. Qg3 Qxg3+ 39. hxg3 Rb4 40. Rd1
Rc4 41. Rd3 Rb8 42. Ne2 Rbb4 43. Re3 Rxa4 44. Bd7 Ra1+ 45. Kg2 a4 46. Re8+ Kg7
47. Ra8 Rc2 48. Nf4 Raa2 49. Kg1 a3 50. Ra7 Ra1+ 51. Kg2 a2 52. Be6 Re1 53.
Rxf7+ Kh6 54. Rf8 a1=Q 55. Rh8+ Kg7 56. Rg8+ Kh7 0-1

[Event "DEN-chT 0607"]
[Site "Denmark"]
[Date "2006.11.26"]
[Round "3.6"]
[White "Nielsen, Jorgen G"]
[Black "Lindfeldt, Jan Magnus"]
[Result "1-0"]
[WhiteElo "2186"]
[BlackElo "2210"]
[PlyCount "85"]
[EventDate "2006.11.04"]
[EventType "team"]
[EventRounds "9"]
[EventCountry "DEN"]
[Source "ChessBase"]
[SourceDate "2007.02.01"]
[WhiteTeam "Aalborg"]
[BlackTeam "SK 1968"]
[WhiteTeamCountry "DEN"]
[BlackTeamCountry "DEN"]

1. d4 Nf6 2. c4 c5 3. dxc5 e5 4. Nc3 Bxc5 5. e3 O-O 6. a3 Re8 7. Nf3 Nc6 8. b4
Bf8 9. Be2 e4 10. Nd2 b6 11. Bb2 Bb7 12. Nd5 Ne5 13. Nxf6+ Qxf6 14. Bd4 Qh4 15.
Nf1 Nd3+ 16. Bxd3 exd3 17. Qxd3 Rac8 18. Ng3 Bxg2 19. Rg1 Be4 20. Nxe4 Qxe4 21.
Qxe4 Rxe4 22. Kd2 Rxc4 23. Kd3 d5 24. Rg5 Rc6 25. Rxd5 Rh4 26. Rg1 f6 27. Rg2
Rh6 28. Rd7 a5 29. b5 Re6 30. Rb7 Bxa3 31. Rgxg7+ Kf8 32. Rgc7 Rxh2 33. Bxb6
Rxf2 34. Rxh7 Kg8 35. Bd4 Re8 36. Rbg7+ Kf8 37. b6 Bb4 38. b7 Rd2+ 39. Kc4 Rc2+
40. Kb3 Re2 41. Rc7 Kg8 42. Rhg7+ Kh8 43. Rgd7 1-0